000 00369nam a22001337a 4500
005 20241126145038.0
008 241126b |||||||| |||| 00| 0 eng d
100 _aIAN JACK
245 _aAUGUSTAN SATIRE
_bINTENTION AND IDIOM IN ENGLISH POETRY 1660-1750
260 _aDELHI
_bAITBS PUBLISHERS
_cc2003
300 _ax, 163;
500 _ainclude index
942 _2lcc
_cBK
_n0
999 _c1565
_d1565